000 01203cab a2200205 4500
001 ##L133297
008 060427n 000 0 eng u
035 _a(Sirsi) u133297
041 0 _aeng
100 1 _aDavey, Francis
245 0 0 _aUnderstanding the Housing Health and Safety Rating System
490 0 _aAgreement
_v13(2) 2006, 47-48(2)
520 _aOutlines how the new Housing Health and Safety Rating System (HHSRS) in force from 6 April 2006 will operate. HHSRS applies to all properties, not just houses of multiple occupation, although houses with higher than normal occupancy.can be placed into higher rating bands. Discusses the 29 possible hazards grouped into four categories and the four classes of harm corresponding to the severity of the potential injury. Although landlords and agents will not have to administer the HHSRS themselves, they should be aware of how it operates to prevent local authorities using it against them .
590 _aIKA090506
650 2 4 _aHOUSING ACT 2004
650 2 4 _aHOUSING ACT 2004 PART I
690 _aPROPERTY-RESIDENTIAL PROPERTY-RESIDENTIAL LANDLORD AND TENANT-RESIDENTIAL LANDLORD AND TENANT REFORM
700 1 _aSmith, David
942 _n0
999 _c76917
_d76917